九歌...散文選 . 一○八年

資料類型: Book 圖書   書目號:53824

Leader xxxxxxxxxx
001 __ PCLIS00053824
005 __ 20220611172957.0
010 0_ |a978-986-450-283-7|b平裝|dNT$420
100 __ |a20200415d2020       y0chiy09      e
101 0_ |achi
102 __ |atw
105 __ |aac  z   000cd
200 1_ |a九歌...散文選|h一○八年|f凌性傑主編
205 __ |a初版
210 __ |a臺北市|c九歌|d2020[民109]
215 0_ |a383面|c圖, 像|d21公分
225 1_ |a九歌文庫|v1324
300 __ |a版權頁英文題名: Collected essays 2019
300 __ |a作者號取自題名
300 __ |a附錄: 一○八年年度散文紀事 / 杜秀卿
500 11 |a九歌散文選|m中文
512 11 |a散文|e九歌一○八年散文選|zchi
515 1_ |a九歌108年散文選
517 1_ |aCollected essays 2019|zeng
517 1_ |a九歌一○八年散文選|zchi
517 1_ |a九歌108年散文選|zchi
606 __ |2cst|a散文
681 __ |a855|b8677
681 __ |a855|b8639
702 _1 |a|b性傑|4主編
801 _0 |atw|b內湖高中|c20200415|gCCR
801 _2 |atw|b內湖高中|c20220611|gCCR
詳細館藏(共 1 筆)
索 書 號登 錄 號冊次號館別 / 館藏地流通類型狀態加入預約清單電子資源
855 / 8677 1026423 2019 圖書館 / 一樓普通區 可外借30天 在館   

| 條列資料




目錄查詢 分類查詢 個人資料 圖書薦購 新書查詢 閉館日 排行榜 更多電子資源 Hami書城 線上資料庫 登出

From : 216.73.217.87

  本日流通累計至 01:21:39 借閱 : 0 次 續借 : 0 次 歸還 : 0 次 預約 : 0 次 電子資源 : 0 次


內湖高中圖書館  PCLIS 版本  26.5.0.12